Europen countries from east to west Quiz Stats

 Plays Quiz not verified by Sporcle

Challenge
Share
Tweet
Embed
Score 0/47 Timer 09:00
0 Plays Today
Longitude Country % Correct
-171Russia
99.5%
49Turkey
88.8%
40Ukraine
87.7%
33Belarus
76.5%
34Cyprus
75.9%
32Finland
73.3%
30Moldova
66.8%
28.7Bulgaria
66.8%
28Estonia
66.8%
29.5Romania
66.3%
28Latvia
66.3%
27Lithuania
66.3%
27Greece
64.2%
31Norway
62%
24Poland
60.4%
22Hungary
58.3%
24.5Sweden
57.2%
22Serbia
56.7%
22Slovakia
56.1%
22Macedonia
55.1%
21Albania
52.4%
-8Portugal
51.9%
-14Iceland
51.9%
21.5Kosovo
51.3%
Longitude Country % Correct
19.5Croatia
50.8%
2Uk
50.8%
20Bosnia Herzegovina
49.7%
19Czech Republic
49.7%
17Austria
49.7%
-7Ireland
49.7%
3Spain
49.2%
20.5Montenegro
48.7%
18Italy
48.1%
15Germany
48.1%
17Slovenia
45.5%
15.5Denmark
44.4%
8France
44.4%
6.5Belgium
43.3%
10.5Switzerland
42.8%
7Netherlands
42.2%
6.5Luxembourg
40.1%
6.5Monaco
40.1%
13San Marino
39.6%
14.5Malta
38.5%
2Andorra
29.4%
12.5Vatican
27.8%
9.5Liectenstein
2.7%

You're not logged in!

Compare scores with friends on all Sporcle quizzes.
Join for Free
OR
Log In

You Might Also Like...

Show Comments

Extras

Top Quizzes Today


Score Distribution

Your Account Isn't Verified!

In order to create a playlist on Sporcle, you need to verify the email address you used during registration. Go to your Sporcle Settings to finish the process.

Report this User

Report this user for behavior that violates our Community Guidelines.

Details: